000 00246nam a2200097Ia 4500
008 120527s9999 xx 000 0 und d
100 _aWARR,Wendy.
245 _aDirectory of chemistry software 1992.
260 _bCherwell scientific.
942 _cBK
999 _c24028
_d24028